حقوق الإنسان العالمية بين النظرية والتطبيق / (Record no. 24927)
[ view plain ]
| 000 -الفاتح | |
|---|---|
| حقل البيانات ثابتة الطول | 01246nam a22003015a 4500 |
| 003 - محدد رقم الضبط | |
| رقم الضبط | OSt |
| 005 - وقت وتاريخ اخر تعامل مع التسجيلة | |
| رقم الضبط | 20170619133836.0 |
| 008 - عناصر البيانات ثابتة الطول - معلومات عامة | |
| حقل البيانات ثابتة الطول | 170615s1998 ua grb 000 0 ara d |
| 017 ## - رقم الإيداع القانونى | |
| رقم الإيداع القانونى | 97 / 14180 |
| 020 ## - الرقم الدولى المعيارى للكتب | |
| الرقم الدولى المعيارى للكتاب | 9772810530 |
| 040 ## - مصدر الفهرسة | |
| وكالة الفهرسة الأصلية | EG-ScBUE |
| لغة الفهرسة | ara |
| وكالة النسخ | EG-ScBUE |
| 041 1# - رمز اللغة | |
| رمز لغة النص/ المسارات الصوتية أو العنوان الانفرادي | ara |
| رمز لغة الترجمات و/او الاصلية المتوسطة للنص | eng |
| 082 04 - رقم تصنيف ديوى العشرى | |
| رقم الطبعة | 22 |
| رقم المادة | د و ن |
| رقم التصنيف | 341.48 |
| 100 1# - المدخل الرئيسى - إسم شخصى | |
| الإسم الشخصى | دونللي، جاك. |
| 240 1# - العنوان الموحد | |
| عنوان موحد | Universal human rights in theory and practice. |
| الوسيط | Arabic |
| 245 10 - بيان العنوان | |
| العنوان | حقوق الإنسان العالمية بين النظرية والتطبيق / |
| بيان المسئوليه,etc | جاك دونللي ؛ ترجمة مبارك علي عثمان ؛ مراجعة محمد نور فرحات. |
| 250 ## - بيان الطبعة | |
| بيان الطبعة | ط. العربية 1. |
| 260 ## - PUBLICATION, DISTRIBUTION, ETC. (IMPRINT) | |
| مكان الناشر او الموزع | الجيزة، مصر : |
| اسم الناشر او الموزع | المكتبة الأكاديمية، |
| تاريخ النشر أو التوزيع | 1998. |
| 300 ## - الوصف المادى | |
| التعداد | 329 ص. ؛ |
| أبعاد الوعاء | 24 سم. |
| 504 ## - تبصرة ببليوجرافية | |
| تبصرة ببليوجرافية,الخ | يشتمل على إرجاعات ببليوجرافية. |
| 546 ## - تبصرة اللغة | |
| تبصرة اللغة | النص باللغة العربية ؛ مترجم من اللغة الإنجليزية. |
| 590 ## - تبصرة محلية(RLIN) | |
| تبصرة محلية | دعاء |
| 650 #7 - المدخل الاضافى بالموضوع-مصطلح موضوعى | |
| مصدر الرأس أو المصطلح | BUEsh |
| مصطلح موضوعي أو اسم جغرافي كعنصر مدخل | حقوق الإنسان (قانون دولي) |
| 9 (RLIN) | 40977 |
| 653 ## - مصطلح تكشيفى غير مقيد | |
| Resource For college | Generalities |
| Arrived date list | June2017 |
| 700 1# - المدخل الاضافى - اسم شخصى | |
| الإسم الشخصى | عثمان، مبارك علي، |
| الدور | مترجم. |
| 700 1# - المدخل الاضافى - اسم شخصى | |
| الإسم الشخصى | فرحات، محمد نور، |
| الدور | مراجع. |
| 9 (RLIN) | 33262 |
| 942 ## - عناصر المدخل الإضافي( كوها) | |
| مصدر التصنيف او مخطط الترفيف | Dewey Decimal Classification |
| حالة التراجع | حالة الفقد | مصدر التصنيف او خطة الترفيف | حالة تلف | ليس للاعارة | مجموعات كوها | المكان الدائم | المكان الحالي | موقع الترفيف | تاريخ الاكتساب | Source of acquisition | سعر الشراء الطبيعي | تعداد مسلسل / التسلسل الزمني | رقم الاستدعاء | الباركود | Date last seen | التكلفة | نوع الوعاء |
|---|---|---|---|---|---|---|---|---|---|---|---|---|---|---|---|---|---|
| Dewey Decimal Classification | Academic Bookshop | Central Library | Central Library | First floor | 19/06/2017 | Purchase | 40.00 | 4861 | 341.48 د و ن | 000041953 | 15/07/2025 | 55.00 | Book - Borrowing |